Svetový geotermálny kongres 1995 vo Florencii

Bibliographic Details
Main Author: Franko, Ondrej, 1931-2011 (Author)
Format: Article
Language:Slovak
Subjects:

MARC

LEADER 00000nab a2200000 a 4500
001 vtls000568674
003 SK-MaSNL
005 20260304094448.0
008 250425c1995 xo 0 slo
015 |a SNBRB19rr/mm-uuuuu 
035 |a CL0568812 
035 |a (urnnbn)urn:nbn:sk:snk:ar-005nvk 
035 |a (uuid)34911160-2081-4a2d-92d9-ff2c2d03956a 
035 |a urn:nbn:sk:snk-ab81l5 
040 |a SNKBUCL  |b slo  |c SNKBUCL  |e AACR2 
041 0 |a slo 
044 |a xo  |c SK 
080 |a 620.91:550.36:550.822:550.836:061.3  |2 1981 
080 |a 550.36  |2 1981 
080 |a 550.822  |2 1981 
080 |a 550.836  |2 1981 
100 1 |a Franko, Ondrej,  |d 1931-2011  |4 aut  |9 106042 
245 1 0 |a Svetový geotermálny kongres 1995 vo Florencii  |c O. Franko 
300 |b Tab. 2 
650 0 7 |a geotermálna energia  |2 snkbucl  |9 3507 
655 7 |a články z novín a časopisov  |2 snkbucl  |9 267496 
773 0 |t Mineralia slovaca  |g Roč. 27, č. 5 (1995)  |g S. 11  |x 0369-2086  |x 0369-2086 
773 0 |t [Príl.] Geovestník  |g Roč. 27, č. 5 (1995)  |g S. 11  |x 0369-2086  |x 0369-2086 
850 |a Slovenská národná knižnica 
852 |a Slovenská národná knižnica 
954 |a odborná, vedecká literatúra pôvodná (slovenská)  |2 lita 
958 |a article9 
958 |a RK 
958 |a OND 
958 |a EUIPO 
992 |a RBX 
999 |c 2827310  |d 2829240